Watercourses in the community (Record no. 109579)

MARC details
000 -LEADER
fixed length control field 01264cad a22002295a 4500
001 - CONTROL NUMBER
control field E147479
008 - FIXED-LENGTH DATA ELEMENTS--GENERAL INFORMATION
fixed length control field 090514s2000 xxkao f 000 0 eng d
035 ## - SYSTEM CONTROL NUMBER
System control number (Sirsi) u147479
041 0# - LANGUAGE CODE
Language code of text/sound track or separate title eng
050 04 - LIBRARY OF CONGRESS CALL NUMBER
Classification number 627.4 $2 18
110 2# - MAIN ENTRY--CORPORATE NAME
Corporate name or jurisdiction name as entry element Scottish Environment Protection Agency
9 (RLIN) 3523
245 04 - TITLE STATEMENT
Title Watercourses in the community
Remainder of title a guide to sustainable watercourse management in the urban environment
Medium [electronic resource]
260 ## - PUBLICATION, DISTRIBUTION, ETC.
Place of publication, distribution, etc. [Stirling]
Name of publisher, distributor, etc. SEPA
Date of publication, distribution, etc. 2000
505 2# - FORMATTED CONTENTS NOTE
Formatted contents note The importance of urban watercourses -- Opportunities with urban watercourses -- Some ideas on applying the techniques -- Woking with water -- Make things happen -- Actions -- Information and advice -- Glossary
520 ## - SUMMARY, ETC.
Summary, etc. Published as part of the Scottish Environment Protection Agency's Habitat Enhancement Initiative., this report examines the advantages of careful management of urban watercourses, and looks at the harm caused by their neglect.
521 ## - TARGET AUDIENCE NOTE
Target audience note Introductory
651 #4 - SUBJECT ADDED ENTRY--GEOGRAPHIC NAME
Geographic name Scotland
Chronological subdivision 1999-
690 ## - LOCAL SUBJECT ADDED ENTRY--TOPICAL TERM (OCLC, RLIN)
Topical term or geographic name as entry element ENVIRONMENTAL AND LAND CONSULTANCY-WATER RESOURCE MANAGEMENT
710 1# - ADDED ENTRY--CORPORATE NAME
Corporate name or jurisdiction name as entry element Urban Design Alliance
9 (RLIN) 4005
856 40 - ELECTRONIC LOCATION AND ACCESS
Uniform Resource Identifier <a href="https://www.sepa.org.uk/water/water_publications/habitat_enhancement.aspx">https://www.sepa.org.uk/water/water_publications/habitat_enhancement.aspx</a>
Public note View the guide free of charge at www.sepa.org.uk...
942 ## - ADDED ENTRY ELEMENTS (KOHA)
Suppress in OPAC 0
Holdings
Withdrawn status Lost status Source of classification or shelving scheme Damaged status Not for loan Home library Current library Shelving location Date acquired Total Checkouts Full call number Barcode Date last seen Copy number Price effective from Koha item type
    Dewey Decimal Classification     Virtual Virtual Online 15/05/2009   ONLINE PUBLICATION 147479-2001 06/08/2019 1 06/08/2019 Book